Vizualizácia zmien RBAC politiky

Salvato in:
Dettagli Bibliografici
Autore principale: Horváth, Matúš, 1980- (Autore)
Altri autori: Steinmüller, Branislav (xxx)
Natura: Manoscritto Libro
Lingua:slovacco
Pubblicazione: Bratislava : STU v Bratislave FIIT, 2004
Soggetti:
Tags: Aggiungi Tag
Nessun Tag, puoi essere il primo ad aggiungerne!!

MARC

LEADER 00000ntm a22000003a 4500
001 stu139888
005 20170503130608.7
008 070411s2004----xo------------------slo-d
040 |a STU  |b slo 
041 0 |a slo 
044 |a xo 
100 1 |a Horváth, Matúš,  |d 1980-  |4 aut  |X 55466  |7 A000055466 
245 1 |a Vizualizácia zmien RBAC politiky 
260 |a Bratislava :  |b STU v Bratislave FIIT,  |c 2004 
300 |a 65 s 
650 7 |a informatika  |2 stusub 
700 1 |a Steinmüller, Branislav  |4 xxx  |u I300  |U FIIT Fakulta informatiky a informačných technológií  |T FIIT Ústav aplikovanej informatiky  |X 1920  |U I300  |Y 180  |7 1920 
996 |b IDP11/04  |c I*DP11/04  |l II680  |s A  |a 24  |w stu139888_0001